| 000 | 00348nam a22001097a 4500 | ||
|---|---|---|---|
| 008 | 230621b xxu||||| |||| 00| 0 eng d | ||
| 082 |
_a320 _bCOM |
||
| 245 |
_aDeliberations De La LXIV Conference Interparlementaire _bProceedings of the LXIVth Inter-parliamentary conference |
||
| 260 |
_aGeneva _bCompte Rendu _c1978 |
||
| 300 | _a843p | ||
| 942 |
_2ddc _cBK |
||
| 999 |
_c1960 _d1960 |
||